[Event "LEM 2025 Brandenburg u16"]
[Site "Gnewikow"]
[Date "2025.04.12"]
[Round "1.1"]
[White "Kaplan, Arne"]
[Black "Geppert, Finn"]
[Result "1-0"]
[EventDate "2025.04.12"]
[Time "09:30:00"]
[WhiteElo "1827"]
[BlackElo "1583"]
[WhiteNrv "1780"]
[BlackNrv "1484"]
[WhiteTwz "1827"]
[BlackTwz "1583"]
[WhiteTitle ""]
[BlackTitle ""]
[WhiteFideId "34625194"]
[BlackFideId "34672125"]
[WhiteNatFedId "10772921"]
[BlackNatFedId "10830067"]
[WhiteAttr "M"]
[BlackAttr "M"]
[WhiteTeam "Barnimer SF im SV Sta"]
[BlackTeam "Barnimer SF im SV Sta"]
[PlyCount "0"]

1. e4 d5 2. exd5 Nf6 3. Bb5+ Bd7 4. Be2 Nxd5 5. d4 Nc6 6. c4 Nf6 7. Nf3 e6 8. O-O Be7 9. Nc3 O-O 10. Bf4 Bd6 11. Ne5 Qe7 12. c5 Bxe5 13. dxe5 Nd5 14. Nxd5 exd5 15. Qxd5 Be6 16. Qe4 Qxc5 17. Bd3 g6 18. Rac1 Qe7 19. Qe3 Bxa2 20. Be4 Nxe5 21. Bxb7 Rab8 22. Qxa7 c5 23. Qxa2 Rxb7 24. Rce1 Nf3+ 25. gxf3 Qf6 26. Bg3 Rxb2 27. Qd5 Rd8 28. Qe5 Qb6 29. Qc7 Qf6 30. Qe5 Qb6 31. Qe7 Rf8 32. Bf4 g5 33. Bxg5 Qg6 34. Kh1 Qf5 35. Qf6 Qd5 36. Bh6 1-0

[Event "LEM 2025 Brandenburg u16"]
[Site "Gnewikow"]
[Date "2025.04.12"]
[Round "2.1"]
[White "Geppert, Finn"]
[Black "Kiesewetter, Jan"]
[Result "1/2-1/2"]
[EventDate "2025.04.12"]
[Time "15:00:00"]
[WhiteElo "1583"]
[BlackElo "1791"]
[WhiteNrv "1484"]
[BlackNrv "1715"]
[WhiteTwz "1583"]
[BlackTwz "1791"]
[WhiteTitle ""]
[BlackTitle ""]
[WhiteFideId "34672125"]
[BlackFideId "34626565"]
[WhiteNatFedId "10830067"]
[BlackNatFedId "10730119"]
[WhiteAttr "M"]
[BlackAttr "M"]
[WhiteTeam "Barnimer SF im SV Sta"]
[BlackTeam "SV Glück auf Rüdersdorf e.V."]
[PlyCount "0"]

1. e4 e5 2. d4 exd4 3. Qxd4 Nc6 4. Qe3 Nf6 5. Nc3 Bb4 6. Bd2 O-O 7. O-O-O Re8 8. Bd3 d6 9. h3 Bd7 10. Qf3 Ne5 11. Qg3 b5 12. f4 Nc4 13. Bxc4 bxc4 14. e5 Bxc3 15. Qxc3 Ne4 16. Qd4 Bc6 17. exd6 Qxd6 18. Nf3 Ng3 19. Qxd6 cxd6 20. Rhe1 Bxf3 21. gxf3 Ne2+ 22. Kb1 Rab8 23. c3 f5 24. Kc2 a5 25. Rb1 a4 26. a3 Kf7 27. Kd1 Ng3 28. Be3 Rb7 29. Bd4 Rbe7 30. Rxe7+ Rxe7 31. Rc1 Ne2 32. Rc2 Nxf4 33. h4 Nd3 34. Re2 Rxe2 35. Kxe2 Nxb2 36. Bb6 Nd3 37. Ke3 Ke6 38. Kd4 d5 39. Bc7 f4 40. Bb8 h6 41. h5 Ne1 42. Bxf4 Nxf3+ 43. Kc5 Ng5 44. Kb4 Ne4 45. Be3 Kf5 46. Bd4 g6 47. hxg6 Kxg6 48. Kxa4 h5 49. Kb4 h4 50. a4 Nd6 51. Kc5 h3 52. Be5 Ne4+ 53. Kxd5 Nxc3+ 54. Kxc4 Nxa4 55. Bh2 Kf5 56. Kd3 Kg4 57. Ke3 Nc3 58. Kf2 Ne4+ 59. Kg1 Kf3 60. Bb8 Ng3 1/2-1/2

[Event "LEM 2025 Brandenburg u16"]
[Site "Gnewikow"]
[Date "2025.04.12"]
[Round "2.3"]
[White "Middendorf, Sven-Jonas"]
[Black "Majewski, Nico"]
[Result "1/2-1/2"]
[EventDate "2025.04.12"]
[Time "15:00:00"]
[WhiteElo "1770"]
[BlackElo "1631"]
[WhiteNrv "1676"]
[BlackNrv "1509"]
[WhiteTwz "1770"]
[BlackTwz "1631"]
[WhiteTitle ""]
[BlackTitle ""]
[WhiteFideId "16287207"]
[BlackFideId "533010889"]
[WhiteNatFedId "10708353"]
[BlackNatFedId "10746359"]
[WhiteAttr "M"]
[BlackAttr "M"]
[WhiteTeam "SV Hellas Nauen e.V."]
[BlackTeam "ESV Lok Falkenberg e.V."]
[PlyCount "0"]

1. e4 c5 2. Nf3 d6 3. d4 cxd4 4. Nxd4 Nf6 5. Nc3 Nc6 6. Nb3 e5 7. Bc4 Be7 8. f3 Be6 9. Nd5 Rc8 10. c3 h5 11. Be3 Nd7 12. Nxe7 Qxe7 13. Bxe6 fxe6 14. Qd2 Nf6 15. Bg5 Kf7 16. O-O d5 17. Bxf6 gxf6 18. exd5 Rcd8 19. dxe6+ Qxe6 20. Qe2 h4 21. f4 Rdg8 22. fxe5 Nxe5 23. Nd4 Qd5 24. Rad1 h3 25. g3 Rxg3+ 26. hxg3 h2+ 27. Kf2 h1=Q 28. Rxh1 Rxh1 29. Rxh1 Qxh1 30. Nf5 Qh2+ 31. Ke1 Qh1+ 32. Kd2 Qd5+ 33. Nd4 Qxa2 34. Qh5+ Ke7 35. Qh7+ Qf7 36. Qxf7+ Kxf7 37. Nb5 Nc4+ 38. Kc2 a6 39. Nd4 Ne3+ 40. Kd3 Nf1 41. Ne2 Kg6 42. Kc4 Kf5 43. Kc5 Kg4 44. Kb6 Ne3 45. Kxb7 a5 46. Ka6 Kf3 47. Nf4 Kxg3 48. Nh5+ Kf3 49. Nxf6 Ke2 50. b3 Kd3 51. Kxa5 Kxc3 52. b4 Nc4+ 53. Ka4 Nb6+ 54. Kb5 Nc4 55. Kc5 Na3 56. Nd5+ Kb3 57. Ne3 Kc3 58. Nd5+ Kb3 59. Ne3 Kc3 60. Nf5 Kb3 1/2-1/2

[Event "LEM 2025 Brandenburg u16"]
[Site "Gnewikow"]
[Date "2025.04.13"]
[Round "3.2"]
[White "Majewski, Nico"]
[Black "Kaplan, Arne"]
[Result "0-1"]
[EventDate "2025.04.12"]
[Time "08:45:00"]
[WhiteElo "1631"]
[BlackElo "1827"]
[WhiteNrv "1509"]
[BlackNrv "1780"]
[WhiteTwz "1631"]
[BlackTwz "1827"]
[WhiteTitle ""]
[BlackTitle ""]
[WhiteFideId "533010889"]
[BlackFideId "34625194"]
[WhiteNatFedId "10746359"]
[BlackNatFedId "10772921"]
[WhiteAttr "M"]
[BlackAttr "M"]
[WhiteTeam "ESV Lok Falkenberg e.V."]
[BlackTeam "Barnimer SF im SV Sta"]
[PlyCount "0"]

1. c4 e5 2. g3 c6 3. Nf3 e4 4. Nd4 d5 5. cxd5 Qxd5 6. e3 Bc5 7. Nc3 Qe5 8. Nde2 Nf6 9. Bg2 O-O 10. O-O Bf5 11. Nxe4 Bxe4 12. d4 Bxd4 13. exd4 Qe7 14. Nc3 Bxg2 15. Kxg2 Nbd7 16. Re1 Qd6 17. Bf4 Qb4 18. Qd3 Rad8 19. Bc7 Nc5 20. Qc2 Rxd4 21. Rad1 Rxd1 22. Rxd1 Re8 23. f4 h6 24. Qf2 Ng4 25. Rd4 Nxf2 26. Rxb4 Nfd3 27. Rc4 b5 28. Rd4 Nxb2 29. Kf3 Nc4 30. Kf2 Re3 31. Rxc4 Rxc3 32. Rxc3 Ne4+ 33. Ke3 Nxc3 34. Kd4 Nxa2 35. Kc5 Nc3 36. Kxc6 b4 37. Ba5 Na2 0-1

[Event "LEM 2025 Brandenburg u16"]
[Site "Gnewikow"]
[Date "2025.04.13"]
[Round "4.2"]
[White "Middendorf, Sven-Jonas"]
[Black "Kiesewetter, Jan"]
[Result "1-0"]
[EventDate "2025.04.12"]
[Time "14:30:00"]
[WhiteElo "1770"]
[BlackElo "1791"]
[WhiteNrv "1676"]
[BlackNrv "1715"]
[WhiteTwz "1770"]
[BlackTwz "1791"]
[WhiteTitle ""]
[BlackTitle ""]
[WhiteFideId "16287207"]
[BlackFideId "34626565"]
[WhiteNatFedId "10708353"]
[BlackNatFedId "10730119"]
[WhiteAttr "M"]
[BlackAttr "M"]
[WhiteTeam "SV Hellas Nauen e.V."]
[BlackTeam "SV Glück auf Rüdersdorf e.V."]
[PlyCount "0"]

1. e4 e5 2. Nf3 Nc6 3. Bb5 Nf6 4. O-O Nxe4 5. Re1 Nd6 6. Bxc6 dxc6 7. Nxe5 Be6 8. d3 Be7 9. Nc3 O-O 10. Bf4 Re8 11. Ne4 Nxe4 12. dxe4 Bd6 13. Nd3 f6 14. Bxd6 cxd6 15. Nf4 Bf7 16. Qf3 Qa5 17. a3 d5 18. b4 dxe4 19. Rxe4 Qf5 20. Rae1 Rxe4 21. Rxe4 Rd8 22. Nd3 Qxf3 23. gxf3 Re8 24. Rxe8+ Bxe8 25. c4 Kf7 26. Kg2 g5 27. f4 Ke7 28. fxg5 fxg5 29. Kg3 Bg6 30. Nc5 b6 31. Nb3 h5 32. Nd4 Kd6 33. f4 gxf4+ 34. Kxf4 a5 35. Nf5+ Kc7 36. bxa5 bxa5 37. c5 Kd7 38. Kg5 Bf7 39. Nd6 Bb3 40. Kxh5 Ke6 41. Kg5 Kd5 42. Nb7 a4 43. h4 Bc2 44. h5 Kc4 45. h6 Kb3 46. Na5+ Kxa3 47. Nxc6 Kb2 48. Nb4 Be4 49. c6 Bxc6 50. h7 Kb3 51. Nxc6 1-0

[Event "LEM 2025 Brandenburg u16"]
[Site "Gnewikow"]
[Date "2025.04.14"]
[Round "5.1"]
[White "Majewski, Nico"]
[Black "Geppert, Finn"]
[Result "1-0"]
[EventDate "2025.04.12"]
[Time "08:45:00"]
[WhiteElo "1631"]
[BlackElo "1583"]
[WhiteNrv "1509"]
[BlackNrv "1484"]
[WhiteTwz "1631"]
[BlackTwz "1583"]
[WhiteTitle ""]
[BlackTitle ""]
[WhiteFideId "533010889"]
[BlackFideId "34672125"]
[WhiteNatFedId "10746359"]
[BlackNatFedId "10830067"]
[WhiteAttr "M"]
[BlackAttr "M"]
[WhiteTeam "ESV Lok Falkenberg e.V."]
[BlackTeam "Barnimer SF im SV Sta"]
[PlyCount "0"]

1. Nf3 Nc6 2. c4 e5 3. Nc3 Nf6 4. g3 Be7 5. Bg2 O-O 6. d3 d6 7. O-O h6 8. Bd2 Bg4 9. a3 Qd7 10. b4 a6 11. Re1 Rfe8 12. Qb3 Qf5 13. a4 Bxf3 14. Bxf3 Nd4 15. Qd1 Nxf3+ 16. exf3 Qxd3 17. Qe2 Qg6 18. Reb1 c6 19. Be3 d5 20. cxd5 cxd5 21. Bb6 d4 22. Ne4 Nxe4 23. fxe4 Qxb6 24. Ra2 Bxb4 25. a5 Qd6 26. Rab2 Bxa5 27. Rxb7 d3 28. Qa2 d2 29. Qxf7+ 1-0

[Event "LEM 2025 Brandenburg u16"]
[Site "Gnewikow"]
[Date "2025.04.14"]
[Round "5.3"]
[White "Kiesewetter, Jan"]
[Black "Kaplan, Arne"]
[Result "1/2-1/2"]
[EventDate "2025.04.12"]
[Time "08:45:00"]
[WhiteElo "1791"]
[BlackElo "1827"]
[WhiteNrv "1715"]
[BlackNrv "1780"]
[WhiteTwz "1791"]
[BlackTwz "1827"]
[WhiteTitle ""]
[BlackTitle ""]
[WhiteFideId "34626565"]
[BlackFideId "34625194"]
[WhiteNatFedId "10730119"]
[BlackNatFedId "10772921"]
[WhiteAttr "M"]
[BlackAttr "M"]
[WhiteTeam "SV Glück auf Rüdersdorf e.V."]
[BlackTeam "Barnimer SF im SV Sta"]
[PlyCount "0"]

1. e4 c5 2. Nf3 Nc6 3. d4 cxd4 4. Nxd4 Nf6 5. Nc3 e5 6. Ndb5 d6 7. Bg5 a6 8. Na3 b5 9. Nd5 Be7 10. Bxf6 Bxf6 11. Be2 O-O 12. O-O Bg5 13. c4 b4 14. Nc2 a5 15. b3 Be6 16. Bg4 Rb8 17. a3 bxa3 18. Rxa3 Qd7 19. h3 Rb7 20. Nc3 Be7 21. Nb5 Na7 22. Nxa7 Rxa7 23. Ra1 Qb7 24. Qd3 h6 25. Na3 Rc8 26. Nb5 Ra6 27. Rfc1 Qc6 28. Rc2 Qc5 29. Rca2 1/2-1/2

[Event "LEM 2025 Brandenburg u16"]
[Site "Gnewikow"]
[Date "2025.04.14"]
[Round "6.1"]
[White "Geppert, Finn"]
[Black "Middendorf, Sven-Jonas"]
[Result "0-1"]
[EventDate "2025.04.12"]
[Time "14:30:00"]
[WhiteElo "1583"]
[BlackElo "1770"]
[WhiteNrv "1484"]
[BlackNrv "1676"]
[WhiteTwz "1583"]
[BlackTwz "1770"]
[WhiteTitle ""]
[BlackTitle ""]
[WhiteFideId "34672125"]
[BlackFideId "16287207"]
[WhiteNatFedId "10830067"]
[BlackNatFedId "10708353"]
[WhiteAttr "M"]
[BlackAttr "M"]
[WhiteTeam "Barnimer SF im SV Sta"]
[BlackTeam "SV Hellas Nauen e.V."]
[PlyCount "0"]

1. e4 e5 2. d4 exd4 3. Qxd4 Nc6 4. Qe3 Nf6 5. Nc3 Bb4 6. Bd2 O-O 7. O-O-O Re8 8. Bc4 d6 9. f3 Na5 10. Bb3 Nxb3+ 11. cxb3 Be6 12. Nh3 d5 13. Ne2 Bxd2+ 14. Rxd2 Qd7 15. Qg5 h6 16. Qh4 Qc6+ 17. Rc2 Qb6 18. exd5 Nxd5 19. Rd2 Qc5+ 20. Qc4 Qxc4+ 21. bxc4 Ne3 22. b3 Nxg2 23. Nhf4 Nxf4 24. Nxf4 Rad8 25. Rg2 g6 26. h4 Rd4 27. Ne2 Rd3 28. h5 g5 29. f4 f6 30. fxg5 fxg5 31. Nf4 Re3 32. Kd2 Bf5 33. Rhg1 Kh8 34. Nd5 Rd3+ 35. Kc1 c6 36. Rf2 cxd5 37. Rxf5 dxc4 38. Rf6 Kg7 39. Rg6+ Kh7 40. Rf1 cxb3 41. Rf7+ Kh8 42. Rxh6+ Kg8 43. Rhh7 Re1+ 44. Kb2 Re2+ 45. Ka3 b2+ 0-1

[Event "LEM 2025 Brandenburg u16"]
[Site "Gnewikow"]
[Date "2025.04.15"]
[Round "7.2"]
[White "Kiesewetter, Jan"]
[Black "Majewski, Nico"]
[Result "0-1"]
[EventDate "2025.04.12"]
[Time "09:30:00"]
[WhiteElo "1791"]
[BlackElo "1631"]
[WhiteNrv "1715"]
[BlackNrv "1509"]
[WhiteTwz "1791"]
[BlackTwz "1631"]
[WhiteTitle ""]
[BlackTitle ""]
[WhiteFideId "34626565"]
[BlackFideId "533010889"]
[WhiteNatFedId "10730119"]
[BlackNatFedId "10746359"]
[WhiteAttr "M"]
[BlackAttr "M"]
[WhiteTeam "SV Glück auf Rüdersdorf e.V."]
[BlackTeam "ESV Lok Falkenberg e.V."]
[PlyCount "0"]

1. e4 c5 2. Nf3 d6 3. d4 cxd4 4. Nxd4 Nf6 5. Nc3 Nc6 6. Be2 g6 7. Be3 Bg7 8. Qd2 O-O 9. O-O-O d5 10. exd5 Nxd5 11. Nxc6 bxc6 12. Nxd5 cxd5 13. Qxd5 Qc7 14. Qc5 Qb7 15. Bd4 Bf5 16. Bf3 Qa6 17. Bxg7 Rfc8 18. Rd8+ Rxd8 19. Bxa8 Rc8 20. Qe3 Rxc2+ 21. Kd1 Qxa2 22. Qd2 Qb1+ 0-1

[Event "LEM 2025 Brandenburg u16"]
[Site "Gnewikow"]
[Date "2025.04.15"]
[Round "7.4"]
[White "Middendorf, Sven-Jonas"]
[Black "Kaplan, Arne"]
[Result "1/2-1/2"]
[EventDate "2025.04.12"]
[Time "09:30:00"]
[WhiteElo "1770"]
[BlackElo "1827"]
[WhiteNrv "1676"]
[BlackNrv "1780"]
[WhiteTwz "1770"]
[BlackTwz "1827"]
[WhiteTitle ""]
[BlackTitle ""]
[WhiteFideId "16287207"]
[BlackFideId "34625194"]
[WhiteNatFedId "10708353"]
[BlackNatFedId "10772921"]
[WhiteAttr "M"]
[BlackAttr "M"]
[WhiteTeam "SV Hellas Nauen e.V."]
[BlackTeam "Barnimer SF im SV Sta"]
[PlyCount "0"]

1. e4 c5 2. Nf3 d6 3. d4 cxd4 4. Nxd4 Nf6 5. Nc3 a6 6. Be3 e5 7. Nb3 Be7 8. Be2 Be6 9. f3 O-O 10. Qd2 d5 11. exd5 Nxd5 12. Nxd5 Qxd5 13. Qxd5 Bxd5 14. c4 Bc6 15. O-O a5 16. a4 Nd7 17. Rfd1 b6 18. Bd3 f5 19. Bc2 g6 20. f4 exf4 21. Bxf4 Nc5 22. Bd6 Bxd6 23. Rxd6 Bxa4 24. Nxc5 Bxc2 25. Rxb6 Rfb8 26. Rxb8+ Rxb8 27. b3 Bxb3 28. Rb1 a4 29. Nxa4 Ra8 30. Nb6 Bc2 31. Rb2 Rb8 32. c5 Be4 33. Rd2 Rb7 34. Rd4 Rc7 35. Rc4 Kf7 36. Na4 Bc6 37. Nb6 1/2-1/2